Central Library OPAC University of Rajshahi

যুদ্ধোত্তর বাংলার কৃষি ও শিল্প / (Record no. 61546)

MARC details
000 -LEADER
fixed length control field 00900nam a2200229 a 4500
001 - CONTROL NUMBER
control field 61546
003 - CONTROL NUMBER IDENTIFIER
rucl marc code BD-RjUL
005 - DATE AND TIME OF LATEST TRANSACTION
control field 20211209080957.0
008 - FIXED-LENGTH DATA ELEMENTS--GENERAL INFORMATION
fixed length control field 170119s19491943ii ||||| |||| 00| 0 ben d
020 ## - INTERNATIONAL STANDARD BOOK NUMBER
Terms of availability : Irs 0.50
035 ## - SYSTEM CONTROL NUMBER
System control number (BD-RjUL)61670
040 ## - CATALOGING SOURCE
Original cataloging agency BD-RjUL
Language of cataloging ben
Transcribing agency BD-RjUL
041 ## - LANGUAGE CODE
Language code of text/sound track or separate title ben
082 ## - DEWEY DECIMAL CLASSIFICATION NUMBER
Edition number 23
Classification number 338.40954
Author mark and year KUZ 1949
100 ## - MAIN ENTRY--PERSONAL NAME
Personal name কুদরত-এ-খুদা, মুহম্মদ
9 (RLIN) 183391
245 10 - TITLE STATEMENT
Title যুদ্ধোত্তর বাংলার কৃষি ও শিল্প /
Statement of responsibility, etc. মুহম্মদ কুদরত-এ-খুদা
260 ## - PUBLICATION, DISTRIBUTION, ETC. (IMPRINT)
Place of publication, distribution, etc. কলিকাতা :
Name of publisher, distributor, etc. বিশ্বভারতী গ্রন্থালয়,
Date of publication, distribution, etc. ১৯৪৯ [১৩৫৬]
300 ## - PHYSICAL DESCRIPTION
Pagination ৬৪ পৃ. ;
Size ১৭ সেমি.
650 ## - SUBJECT ADDED ENTRY--TOPICAL TERM
Topical term or geographic name as entry element শিল্প
Geographic subdivision বেঙ্গল
9 (RLIN) 183392
Topical term or geographic name as entry element Industries
Geographic subdivision Bengal
9 (RLIN) 183393
942 ## - ADDED ENTRY ELEMENTS (KOHA)
Source of classification or shelving scheme Dewey Decimal Classification
Koha item type Books
Holdings
Lost status Source of classification or shelving scheme Damaged status Not for loan Collection code Permanent Location Current Location Shelving location Date acquired Source of acquisition Cost, normal purchase price Total Checkouts Full call number Date last seen Copy number Koha item type
  Dewey Decimal Classification   Not For Loan Non-fiction Central Library, University of Rajshahi Central Library, University of Rajshahi Reading Room 13/02/1958 Komola Book 0.50   B 338.40954 KUZ 1949 19/01/2017 C-1 Books